=LDR 00000nam 2200000 4500 =001 INLIS000000000008063 =005 20130612095956 =008 ***********************************Ind** =035 ##$$0010-061300000008063 =041 ##$$a Ind =082 ##$$a 364.154 =090 ##$$a 364.154, Gun o =100 ##$$a Gunawan, Rudy =245 ##$$a Orang hilang, sebuah catatan lepas di sekitar korban penculikan, F.X Rudy Gunawan =260 ##$$a 1998 $b Jakarta =300 ##$$a xiii, 95 hlm, 21 cm =650 ##$$a Penculikan